| Tag |
First Indicator |
Second Indicator |
Subfields |
| LEADER |
00000cam a2200000 i 4500 |
| 001 |
in00003736498 |
| 005 |
20170210135140.0 |
| 006 |
m o d f |
| 007 |
cr bn||||m|||| |
| 008 |
160928s2016 dcu o f000 0 eng c |
| 035 |
|
|
|a (OCoLC)ocn959396065
|
| 040 |
|
|
|a GPO
|b eng
|e rda
|e pn
|c GPO
|d GPO
|d OCLCF
|d CUT
|d GPO
|d MvI
|
| 042 |
|
|
|a pcc
|
| 043 |
|
|
|a n-us-la
|
| 049 |
|
|
|a WWW
|
| 050 |
1 |
4 |
|a KF32
|b .P896 2016q
|
| 074 |
|
|
|a 1008-I (online)
|
| 086 |
0 |
|
|a Y 1.1/8:114-773
|
| 110 |
1 |
|
|a United States.
|b Congress.
|b House.
|b Committee on Transportation and Infrastructure,
|e author.
|
| 245 |
1 |
0 |
|a Tom Stagg United States Courthouse :
|b report (to accompany H.R. 5011) (including cost estimate of the Congressional Budget Office).
|
| 264 |
|
1 |
|a [Washington, D.C.] :
|b [U.S. Government Publishing Office],
|c [2016]
|
| 300 |
|
|
|a 1 online resource (5 pages).
|
| 336 |
|
|
|a text
|b txt
|2 rdacontent
|
| 337 |
|
|
|a computer
|b c
|2 rdamedia
|
| 338 |
|
|
|a online resource
|b cr
|2 rdacarrier
|
| 490 |
1 |
|
|a Report / 114th Congress, 2d session, House of Representatives ;
|v 114-773
|
| 500 |
|
|
|a Title from caption (viewed on Sept. 28, 2016).
|
| 500 |
|
|
|a "September 20, 2016."
|
| 650 |
|
0 |
|a Courthouses
|z Louisiana
|z Shreveport.
|
| 650 |
|
7 |
|a Courthouses.
|2 fast
|0 (OCoLC)fst00881720
|
| 651 |
|
7 |
|a Louisiana
|z Shreveport.
|2 fast
|0 (OCoLC)fst01209612
|
| 655 |
|
7 |
|a Legislative materials.
|2 lcgft
|
| 655 |
|
7 |
|a Legislative materials.
|2 fast
|0 (OCoLC)fst01774285
|
| 655 |
|
7 |
|a Online resources.
|2 local
|
| 776 |
0 |
8 |
|i Print version:
|a United States. Congress. House. Committee on Transportation and Infrastructure.
|t Tom Stagg United States Courthouse
|w (OCoLC)959922626
|
| 776 |
0 |
8 |
|i Microfiche version:
|a United States. Congress. House. Committee on Transportation and Infrastructure.
|t Tom Stagg United States Courthouse
|w (OCoLC)970659170
|
| 810 |
1 |
|
|a United States.
|b Congress.
|b House.
|t Report ;
|v 114-773.
|
| 856 |
4 |
0 |
|3 PDF version
|u http://purl.fdlp.gov/GPO/gpo72863
|t 0
|
| 856 |
4 |
0 |
|3 Text version
|u http://purl.fdlp.gov/GPO/gpo72864
|t 0
|
| 999 |
f |
f |
|s 15887fa5-5119-3659-906c-4bfe3e0afd48
|i db77578a-b7f3-3eb9-83b4-4a924d657167
|t 0
|
| 952 |
f |
f |
|a Texas A&M University
|b College Station
|c Electronic Resources
|d Available Online
|t 0
|e Y 1.1/8:114-773
|h Superintendent of Documents classification
|
| 998 |
f |
f |
|a Y 1.1/8:114-773
|t 0
|l Available Online
|